Statistiques concernant Districts du Portugal

Cliquez ici pour prendre le quiz!

Statistiques générales

  • Ce quiz a été pris 261 fois
  • Le résultat moyen est 12 sur 20

Réponses sur la Carte

Les réponses sont colorées sur une échelle allant du rouge au vert en fonction du pourcentage des utilisateurs qui les ont devinées à leur premier essai. Vous pouvez retrouver ces pourcentages ci-dessous.
 

Statistiques - réponses

Distrito% Correct
Porto
97%
Lisbonne
92%
Braga
86%
Açores
81%
Faro
78%
Coimbra
72%
Madère
72%
Viseu
64%
Aveiro
60%
Viana do Castelo
59%
Vila Real
58%
Leiria
52%
Setúbal
52%
Guarda
50%
Castelo Branco
47%
Beja
44%
Santarém
40%
Évora
39%
Bragance
38%
Portalegre
27%

Distribution des résultats

Percentile par nombre de réponses

% des personnes avec chaque résultat

Votre développement - résultats

Vous n’avez pas pris ce quiz